Statistics for Giro d'Italia 2022 - Results

Click here to take the quiz!

General Stats

  • This quiz has been taken 37 times
  • The average score is 24 of 32

Answer Stats

HintAnswer% Correct
#2 - Ineos Grenadiers (ECU)Richard Carapaz
100%
#4 - Astana Qazaqstan (ITA)Vincenzo Nibali
100%
#7 - Bora-Hansgrohe (GER)Emanuel Buchmann
96%
#3 - Bahrain Victorious (ESP)Mikel Landa
96%
#2Bora-Hansgrohe
92%
#1 - Bora-Hansgrohe (AUS)Jai Hindley
92%
#1 - Groupama-FDJArnaud Demare
88%
#1Bahrain Victorious
88%
#14 - Cofidis (FRA)Guillaume Martin
88%
#3Ineos Grenadiers
88%
#1 - Trek-SegafredoJuan Pedro Lopez
88%
#10 - Trek-Segafredo (ESP)Juan Pedro Lopez
88%
#6 - Intermarche-Wanty-Gobert (CZE)Jan Hirt
85%
#9 - EF Education-EasyPost (GBR)Hugh Carthy
81%
#12 - Bahrain Victorious (COL)Santiago Buitrago
77%
#2 - Bahrain VictoriousSantiago Buitrago
77%
#8 - Intermarche-Wanty-Gobert (ITA)Domenico Pozzovivo
73%
#16 - Ineos Grenadiers (FRA)Pavel Sivakov
73%
#3 - Ineos GrenadiersPavel Sivakov
73%
#5 - Bahrain Victorious (ESP)Pello Bilbao
73%
#1 - Jumbo-VismaKoen Bouwman
69%
#19 - Bora-Hansgrohe (GER)Lennard Kamna
69%
#15 - Eolo-Kometa (ITA)Lorenzo Fortunato
69%
#2 - UAE Team EmiratesFernando Gaviria
65%
#2 - Trek-SegafredoGiulio Ciccone
65%
#11 - Movistar (ESP)Alejandro Valverde
62%
#17 - Bora-Hansgrohe (NED)Wilco Kelderman
62%
#13 - BikeExchange (AUS)Lucas Hamilton
54%
#3 - Quick-Step Alpha VinylMark Cavendish
54%
#18 - DSM (NED)Thymen Arensman
54%
#20 - Jumbo-Visma (NED)Sam Oomen
35%
#3 - UAE Team EmiratesAlessandro Covi
15%

Score Distribution

Percentile by Number Answered

Percent of People with Each Score

Your Score History

You have not taken this quiz